00739nam a2200193 i 450000100060000000300090000600500170001500700030003200800410003510000230007624500490009926000690014830000350021749000630025283000710031585200210038699900170040795201210042429174ES-MaACL20230906154002.0t|030121s1911 fr ||||1| fre d1 aBardier, E.92558914aLes fonctions digestives / cpar E. Bardier. aParis : bOctave Dion et Fils, c1911 (fImpriméries Rèunis) aXII, 438 p. : bil. ; c18 cm.1 aEncyclopédie scientifique. Bibliothèque de physiologie0 aEncyclopédie scientifique. Bibliothèque de physiologie9181781 aES-MaACLjD-4312 c29174d29174 00104070aATENEOMbATENEOMcSVId2008-01-17eSCl0oD-4312p901030118r2023-02-23 00:00:00w2023-02-23yMONOGRAFIA